Normal view
MARC view
- Mentally ill
Entry Topical Term
001 - CONTROL NUMBER
- control field: 7641
003 - CONTROL NUMBER IDENTIFIER
- control field: NUST
005 - DATE AND TIME OF LATEST TRANSACTION
- control field: 20171227103846.0
008 - FIXED-LENGTH DATA ELEMENTS
- fixed length control field: 171227|| aca||aabn | a|a d
040 ## - CATALOGING SOURCE
- Original cataloging agency: NUST
- Transcribing agency: NUST
150 ## - HEADING--TOPICAL TERM
- Topical term or geographic name entry element: Mentally ill
- General subdivision: Care
- Geographic subdivision: United States
- General subdivision: History.
670 ## - SOURCE DATA FOUND
- Source citation: Work cat.: (NUST)0: Whitaker, Robert. 7639, Mad in America :, 2002.
